| 000 | 00590cam a22001935a 4500 | ||
|---|---|---|---|
| 001 | 007401473 | ||
| 005 | 20180508103042.0 | ||
| 008 | 780707s1978 enka frb 001 0 eng d | ||
| 040 |
_aUk _cUk _beng _dEG-ScBUE |
||
| 082 | 0 | 4 |
_a658.87 _222 _bCOX |
| 100 | 1 |
_aCox, Roger, _d1936- |
|
| 245 | 1 | 0 |
_aRetailing / _cRoger Cox. |
| 260 |
_aPlymouth : _bMacdonald and Evans, _c1978. |
||
| 300 |
_axiii, 266 p. : _bill. ; _c19 cm. |
||
| 504 | _aIncludes bibliographical references and index. | ||
| 650 | 7 |
_aRetail trade _xHandbooks, manuals, etc. _2BUEsh |
|
| 653 |
_bGGEN _bBUSADM _cMay2018 |
||
| 942 | _2ddc | ||
| 999 |
_c26654 _d26626 |
||